London Bridges Quiz Stats

 Plays Quiz Updated Oct 24, 2018

Score 0/14 Timer 03:00
15 Plays Today
% Correct
London Bridge
90.5%
Tower Bridge
84.2%
Millennium Bridge
60.2%
Westminster Bridge
57%
Waterloo Bridge
50.9%
Blackfriars Bridge
43.9%
Chelsea Bridge
43.1%
% Correct
Vauxhall Bridge
39.8%
Southwark Bridge
37.3%
Battersea Bridge
34.4%
Lambeth Bridge
33.5%
Golden Jubilee Bridges
32%
Albert Bridge
30.1%
Cannon Bridge
22.6%

You're not logged in!

Compare scores with friends on all Sporcle quizzes.
OR
Log In

Sporcle TV

Today on Sporcle TV


Watch our educational content, quiz creation guides, and fun videos on Sporcle TV.

Show Comments

Extras

Top Quizzes Today


Score Distribution

Your Account Isn't Verified!

In order to create a playlist on Sporcle, you need to verify the email address you used during registration. Go to your Sporcle Settings to finish the process.

Report this User

Report this user for behavior that violates our Community Guidelines.

Details: